000 00443nam a2200169Ia 4500
008 230917s9999||||xx |||||||||||||| ||und||
020 _cUSD79.95
040 _e234887
_aMAIN
041 _aEnglish
082 _a641.86 W472D
100 _aWemischner, Robert
245 0 _aDessert architect
260 _aNew York
_bCengage Learning
_c2010
300 _ax, 415 p.
500 _a2404 07/10/2016 HBD17/6751 23/12/2016 IHTM (SFS)
942 _cBK
999 _c19407
_d19407